Question bank on agriculture for competitive exams / (Record no. 15398)
[ view plain ]
| 000 -LEADER | |
|---|---|
| fixed length control field | 00376cam a2200133ua 4500 |
| 020 ## - INTERNATIONAL STANDARD BOOK NUMBER | |
| ISBN | 978-81-239-2436-6 |
| 082 ## - DEWEY DECIMAL CLASSIFICATION NUMBER | |
| Classification number | 630.1076 |
| Item number | SIN/QU |
| 100 ## - MAIN ENTRY--AUTHOR NAME | |
| Personal name | Singh, Neeraj pratap . |
| 245 ## - TITLE STATEMENT | |
| Title | Question bank on agriculture for competitive exams / |
| 250 ## - EDITION STATEMENT | |
| Edition statement | 3 / |
| 260 ## - PUBLICATION, DISTRIBUTION, ETC. (IMPRINT) | |
| Place of publication | Lucknow : |
| Name of publisher | International book distributing co. , |
| Year of publication | 2017 |
| 300 ## - PHYSICAL DESCRIPTION | |
| Number of Pages | 1108, 40 |
| 942 ## - ADDED ENTRY ELEMENTS (KOHA) | |
| Koha item type | Book Bank scheme for SC students |
| Withdrawn status | Lost status | Damaged status | Home library | Current library | Shelving location | Date acquired | Full call number | Accession Number | Koha item type |
|---|---|---|---|---|---|---|---|---|---|
| KAUAET | KAUAET | Scheme | 31/03/2018 | 630.1076 SIN/QU | BB 489 | Book Bank scheme for SC students |
